[Event "City of Adelaide"]
[Site "Adelaide"]
[Date "1999.08.31"]
[Round "7.2"]
[White "Yang, Song"]
[Black "Hester, David"]
[Result "0-1"]
[WhiteElo "1387"]
[BlackElo "1623"]
[Annotator "Fritz 5.00"]
[PlyCount "118"]
[EventDate "1999.07.20"]
[EventType "swiss"]
[EventRounds "9"]
[EventCountry "AUS"]

1. e4 e6 2. d3 c5 3. Nf3 Nc6 4. g3 Nge7 5. Bg2 g6 6. O-O Bg7 7. Nbd2 O-O 8. Re1
{Reti Opening (Dutch System)} d6 (8... d5 9. e5 (9. c3 b6 10. Qa4 a5 11. exd5
exd5 12. Qf4 Ba6 13. d4 cxd4 14. Nxd4 Nxd4 15. cxd4 Nc6 16. Nf3 Nb4 17. Re5 Nd3
18. Qe3 Nxe5 19. dxe5 Re8 20. Bd2 d4 21. Nxd4 Rxe5 22. Nc6 Rxe3 23. Nxd8 Rd3 {
0-1 Maier,C-Hjartarson,J/BL9394 1994/BL 90}) 9... Qc7 (9... Nf5 10. Nb3 Qc7 11.
Bf4 b6 12. c3 a5 13. a4 Ba6 14. g4 Nfe7 15. Qd2 Rad8 16. Nc1 Qd7 17. Ne2 f6 18.
exf6 Bxf6 19. Ng3 Rf7 20. Ng5 Bxg5 21. Bxg5 e5 22. h3 Rdf8 23. Nh1 Kh8 24. Bh6
Re8 25. Bg5 Kg7 26. Bh6+ Kh8 27. Bg5 Kg7 28. Bh6+ {
1/2-1/2 Howell,J-Socko,B/Groningen op 1995/EXP 50}) 10. Qe2 g5 11. h3 Ng6 (
11... h6 12. Nb3 b6 13. d4 Ng6 14. Be3 cxd4 15. Bxd4 Nxd4 16. Nbxd4 Bd7 17. a4
Rac8 18. Ra3 Qb8 19. Re3 Bxa4 20. Bf1 Bd7 21. Qd1 a5 22. Bd3 b5 23. h4 gxh4 24.
Bxg6 fxg6 25. Nxh4 g5 26. Ng6 Rf7 27. f4 Qb6 28. Kg2 Be8 29. fxg5 hxg5 30. c3
b4 31. Qh5 bxc3 32. Rh1 Rf2+ 33. Kxf2 Qxd4 34. Qh7+ Kf7 35. Kg2 Qd2+ 36. Kh3
Qf2 37. Ne7 g4+ 38. Kh4 Rc4 39. Rxc3 Rxc3 40. bxc3 Qf3 41. Rb1 Bd7 42. Qg8+
Kxe7 43. Qxg7+ Kd8 44. Qg8+ Ke7 45. Rb8 {
1-0 Mowsziszian,K-Ulibin,M/Dresden op 1994/TD 94\02}) 12. Nb3 h6 13. Nxc5 Ncxe5
14. Nxe5 Qxe5 15. Qd1 Qd6 16. Nb3 e5 17. c4 Be6 18. Be3 b6 19. Rc1 d4 20. Bxa8
Rxa8 21. Qf3 Rf8 22. Bd2 Qd7 23. Bb4 Re8 24. c5 a5 25. Ba3 a4 26. c6 Qc8 27.
Nd2 Bxh3 28. Ne4 Bg4 29. Qg2 Re6 30. f3 Bf5 31. Nd6 Rxd6 32. Bxd6 Bxd3 33. c7
Ba6 34. Rc6 e4 35. Rxb6 Kh7 36. Rxe4 d3 37. Re1 Bd4+ 38. Kh1 Bxb6 39. Rc1 Bb7 {
0-1 Cobb,J-Kumaran,D/BCF-ch 1993/TD 93\10}) 9. Nf1 Rb8 10. h4 b5 11. Ne3 b4 12.
h5 Nd4 13. Ng4 Nec6 14. hxg6 $15 (14. Ng5 h6 15. Nh3 g5 16. f4 f5 17. exf5 exf5
18. Nxh6+ Bxh6 19. fxg5 f4 20. gxf4 Bxh3 21. Bxh3 Bxg5 22. fxg5 Nf3+ 23. Kh1
Nxe1 24. Qxe1 Ne5 25. Qe4 Qe7 26. g6 Qb7 27. Bh6 Qxe4+ 28. dxe4 Rf6 29. Rd1 Re8
30. Rd5 a5 31. Bf5 Nf3 32. Bf4 a4 33. Rxd6 Rxd6 34. Bxd6 Kg7 35. Bf4 Nh4 {
1-0 Reenish,B-Apro,A/WchJM-U16 Szeged 1994/TD 94\01}) (14. Nxd4 Nxd4 15. e5 f5
16. exf6 Bxf6 $11) 14... Nxf3+ 15. Bxf3 fxg6 16. Bh6 e5 17. Bxg7 Kxg7 18. Kg2
$19 (18. Bg2 $142 $5 $15 {is an interesting idea}) 18... Nd4 19. Be2 Rb7 (19...
Qg5 20. Nh2 $19) 20. Qd2 Rbf7 21. Rf1 Qd7 $15 (21... Nxe2 $5 22. Qxe2 Qg5 $17)
22. f3 $17 (22. Bd1 $5 $15) 22... Nxe2 23. Qxe2 h5 24. Nf2 Rxf3 {
Black creates threats along the open f-file} 25. Qxf3 Rxf3 {
With the decisive threat Qf7} 26. Kxf3 Qe7 27. a3 a5 (27... b3 28. Rac1 $17)
28. axb4 axb4 29. c3 bxc3 $15 (29... Qf7+ 30. Ke3 $17) 30. bxc3 Qg5 31. Ra8 $19
(31. c4 $5 $15 {is an interesting alternative}) 31... Bg4+ {
Black gets in control} 32. Kg2 (32. Nxg4 Qxg4+ (32... hxg4+ $6 33. Ke2 $11) 33.
Kf2 c4 34. dxc4 Qxe4 $19) 32... Be2 {Black threatens strongly h4} 33. Rfa1 Qf6
{Threatening mate: Qf3} 34. R1a7+ (34. Nh3 $142 $19) 34... Kh6 35. Nh3 Bf1+ 36.
Kh2 Bxh3 37. Kxh3 Kg5 (37... Qf1+ $5 {keeps an even firmer grip} 38. Kh2 $19)
38. Ra1 Qf3 39. d4 Qg4+ 40. Kh2 Qxe4 41. dxc5 dxc5 42. R8a5 (42. R1a2 c4 $19)
42... c4 43. Rb5 (43. R1a2 Kg4 $19) 43... Kg4 {Do you see the mate threat?} 44.
Rg1 Qe3 (44... Qc2+ {seems even better} 45. Rg2 Qxc3 46. Rbb2 $19) 45. Rb2 Qxc3
{Threatening mate... how?} 46. Rf2 (46. Re2 {
cannot change what is in store for ?} g5 $19) 46... Qe3 (46... Qd3 {
and Black can already relax} 47. Rgg2 $19) 47. Rgg2 c3 48. Re2 Qd3 (48... Qd4
$142 $19 {makes it even easier for Black}) 49. Ref2 $4 {
terrible, but what else could White do to save the game?} (49. Rxe5 g5 50. Re8
$19) 49... e4 (49... g5 {might be the shorter path} 50. Ra2 $19) 50. Rf4+ Kg5
51. Rff2 e3 {Threatening mate: exf2} 52. Ra2 Kf6 (52... Qd1 {
keeps an even firmer grip} 53. Kh3 $19) 53. Rge2 g5 54. Kg2 Qd5+ 55. Kh2 Kf5
56. Rac2 (56. Rg2 {doesn't get the cat off the tree} Qd1 $19) 56... Qd2 57. Ra2
(57. Rcxd2 exd2 58. g4+ Kf4 59. Rf2+ Kxg4 60. Rg2+ Kh4 61. Rg3 d1=Q 62. Rh3+
Kg4 63. Rg3+ Kf4 64. Rg2 c2 65. Rf2+ Ke3 66. Rf6 c1=Q 67. Re6+ Kf3 68. Rf6+ Kg4
69. Rf4+ Qxf4+ 70. Kg2 Qdf1#) 57... Ke4 58. Kg2 (58. Raxd2 $4 {
White is too greedy} cxd2 59. Kg2 Kd3 60. Rxd2+ exd2 61. g4 d1=Q 62. Kf2 h4 63.
Kg2 Qxg4+ 64. Kf2 Qe2+ 65. Kg1 h3 66. Kh1 Qg2#) 58... Kd3 {
The mate threat is Kxe2} 59. Kf1 (59. Raxd2+ $4 cxd2 60. Rxd2+ exd2 61. g4 d1=Q
62. Kf2 h4 63. Kg2 Qxg4+ 64. Kf2 Qe2+ 65. Kg1 h3 66. Kh1 Qg2#) 59... Qd1+ (
59... Qd1+ 60. Re1 Qf3+ 61. Kg1 Qxg3+ 62. Kf1 c2 63. Rxc2 Kxc2 64. Re2+ Kd3 65.
Rd2+ Ke4 66. Ra2 Kf3 67. Rc2 Qh4 68. Kg1 Qd4 69. Kh2 Qd6+ 70. Kg1 Qd1+ 71. Kh2
Qxc2+ 72. Kg1 Qg2#) 0-1

[Event "City of Adelaide"]
[Site "Adelaide"]
[Date "1999.08.31"]
[Round "7.3"]
[White "Riches, L John"]
[Black "Sheldrick, Kevin"]
[Result "0-1"]
[WhiteElo "1720"]
[BlackElo "1860"]
[Annotator "Fritz 5.00"]
[PlyCount "40"]
[EventDate "1999.07.20"]
[EventType "swiss"]
[EventRounds "9"]
[EventCountry "AUS"]

1. d4 Nf6 2. c4 e5 3. dxe5 Ng4 4. Bf4 Nc6 5. Nf3 Bb4+ {Budapest Counter Gambit}
6. Nc3 (6. Nbd2 Qe7 (6... f6 7. exf6 Qxf6 8. e3 Qxb2 9. Be2 d6 10. O-O O-O 11.
Nb3 Qf6 12. c5 Bc3 13. Rc1 Be5 14. Nxe5 dxe5 15. Bg3 Qg6 16. Qc2 Bf5 17. Qc3
Rae8 18. Na5 Nf6 19. Nxc6 bxc6 20. Bxe5 Ne4 21. Qb2 Bh3 22. Bg3 Nxg3 23. hxg3
Bf5 24. Bf3 h5 25. Qb4 Rb8 26. Qd4 Rfd8 27. Qf4 Bg4 28. Bxg4 hxg4 29. Qxc7 Rbc8
30. Qf4 Rd5 31. Rc4 Rg5 32. Rb4 Qh5 33. Rd1 Rg6 34. Rb8 Rxb8 35. Qxb8+ Kh7 36.
Rd8 {1-0 Gleizerov,E-Bosch,J/Cappelle op 1996/EXP 51}) 7. e3 Ngxe5 8. Be2 (8.
Nxe5 Nxe5 9. Be2 O-O 10. O-O Ng6 11. Bg3 Bd6 12. Bxd6 Qxd6 13. Ne4 Qe5 14. Nc3
b6 15. Qd5 Ba6 16. Qxe5 Nxe5 17. Nd5 c6 18. Nc7 Bxc4 19. Bxc4 Rac8 20. Nd5 cxd5
21. Bxd5 Rc2 22. Rab1 Rfc8 23. Rfd1 Kf8 24. Bb3 R2c7 25. Kf1 Ke7 26. Ke2 Nc6
27. Rd2 Na5 {1/2-1/2 Stohl,I-Blatny,P/Prague Kottnauer 1996/TUR 96}) 8... Nxf3+
9. gxf3 O-O 10. a3 Bd6 11. Bxd6 Qxd6 12. Qc2 f5 13. f4 Qf6 14. Nf1 d6 15. Ng3
Kh8 16. Nh5 Qe7 17. Rg1 Rf7 18. Qc3 Be6 19. O-O-O Rg8 20. Rg5 Nb8 21. Bd3 Nd7
22. Rdg1 b6 23. Bc2 a5 24. b3 Nf6 25. Ng3 d5 26. Kb2 dxc4 27. Nxf5 Bxf5 28.
Rxf5 Ne8 29. Re5 Qh4 30. Qxc4 Nd6 31. Qd5 Qxf2 32. Rg2 Qh4 33. Qd4 Rgf8 34.
Rgg5 Qf2 35. Rh5 Rxf4 36. Rxh7+ Kg8 37. Rxg7+ Kxg7 38. Re7+ Kh6 39. Qg7+ Kh5
40. Qg6+ {1-0 Granda Zuniga,J-Sorin,A/Buenos Aires Najdorf 1996/TUR 96}) 6...
Qe7 {Will e5 fall?} 7. Qd5 f6 8. e6 $146 (8. e3 fxe5 9. Bg5 Bxc3+ 10. bxc3 Qa3
11. Qd2 O-O 12. Bd3 Nf6 13. Bxf6 gxf6 14. Nh4 Ne7 15. Qc2 Rf7 16. Rb1 d6 17.
O-O Qc5 18. Rb5 Qc6 19. Be4 Qxc4 20. Rb4 Qc5 21. Bxb7 Bxb7 22. Rxb7 f5 23. Qb3
Kg7 24. Nf3 h6 25. Rd1 Kf6 26. Rb5 Qc6 27. Rxe5 dxe5 28. Nxe5 Qe8 29. Nxf7 Rb8
30. Qa3 Qxf7 31. Qxa7 Qd5 32. Rf1 Rg8 33. g3 Qc6 34. Qd4+ Kf7 35. Rd1 Ra8 36.
h4 Rxa2 37. Qh8 Qf6 38. Qh7+ Ke8 39. Rb1 Ra8 40. e4 Kd7 41. e5 Qg6 42. e6+ Qxe6
43. Rd1+ Kc6 44. Qg7 f4 45. Qd4 fxg3 46. fxg3 Nf5 47. Qf2 Nxg3 48. Qf3+ Ne4 {
0-1 Dao Thien Hai-Szabolcsi,J/Budapest FS07 GM 1994/EXP 41}) 8... g5 9. exd7+
Bxd7 10. Bd2 ({Weaker is} 10. Bxc7 Be6 11. Qe4 f5 $17) 10... Be6 (10... O-O-O
11. Rd1 $11) 11. Qe4 O-O-O 12. h3 Nge5 13. Nxe5 fxe5 (13... Nxe5 14. e3 $11)
14. O-O-O $15 (14. a3 $142 $5 {is interesting} Nd4 15. g4 $14) 14... Rhf8 15.
f3 $17 {Controls g4} (15. g3 Rd4 16. Qe3 Bxc3 17. Bxc3 Rxd1+ 18. Kxd1 Bxc4 $11)
15... Rd4 $15 (15... Rxd2 $5 16. Rxd2 Bf5 $15) 16. Qe3 $4 $19 (16. Qc2 $142 {
had to be tried to avoid defeat} Bxc3 17. Bxc3 (17. Qxc3 $4 Rxc4 (17... Bxc4 $6
18. e3 Bxf1 19. Rhxf1 $11) 18. a3 Rd8 $19) 17... Rxc4 18. Kb1 $15) 16... Bxc4 (
16... Rfd8 $5 17. Qxg5 Bxc3 18. Qxe7 Bxb2+ 19. Kc2 Nxe7 20. e3 $19) 17. Qxg5 $2
(17. g3 $142 $19) 17... Bxc3 18. bxc3 (18. Qxe7 Bxd2+ $1 {touché!} 19. Rxd2
Nxe7 20. b3 Rxd2 21. Kxd2 Rd8+ 22. Kc2 $19) 18... Qa3+ 19. Kc2 {
White threatens to counter with Rb1} Qxa2+ 20. Kc1 Bb3 (20... Bb3 21. Qg4+ Rxg4
22. hxg4 Qc2#) 0-1

[Event "City of Adelaide"]
[Site "Adelaide"]
[Date "1999.08.31"]
[Round "7.5"]
[White "Vitols, Wassim"]
[Black "Djelaj, Pasko"]
[Result "0-1"]
[WhiteElo "904"]
[BlackElo "1701"]
[Annotator "Fritz 5.00"]
[PlyCount "76"]
[EventDate "1999.07.20"]
[EventType "swiss"]
[EventRounds "9"]
[EventCountry "AUS"]

1. d4 e6 2. c4 Nf6 3. e3 d5 4. Nf3 c5 5. cxd5 exd5 6. Nc3 Nc6 {
Queen's Gambit (Tarrasch Defence)} 7. Bb5 Bd7 (7... cxd4 8. Nxd4 Bd7 9. O-O Bd6
10. Nf3 a6 11. Be2 Be6 12. a3 O-O 13. b4 Qe7 14. Bb2 Rfe8 15. Nd4 Be5 16. Nxc6
bxc6 17. Na4 Bxb2 18. Nxb2 c5 19. bxc5 Qxc5 20. Nd3 Qd6 21. Nf4 Bf5 22. Bf3 {
Kasparov,G-Kramnik,V/Moscow PCA-GP  rapid 1996/EXP 52/0-1 (63)}) (7... Bd6 8.
O-O (8. dxc5 Bxc5 9. O-O O-O 10. b3 Bg4 11. Bb2 Rc8 12. Rc1 Qd6 13. Be2 a6 14.
Nd4 Bxd4 15. Bxg4 Nxg4 16. Qxg4 Be5 17. Rfd1 Bxh2+ 18. Kf1 Qe6 19. Qf3 Be5 20.
Ba3 Bd6 21. Bxd6 Qxd6 {1/2-1/2 Speelman,J-Portisch,L/Brussels WCup 1988/CBM 07}
) 8... O-O 9. h3 Be6 10. dxc5 Bxc5 11. b3 Rc8 (11... a6 12. Bxc6 bxc6 13. Bb2
Bd6 14. Rc1 c5 15. Ne2 Qe7 16. Qc2 Ne4 17. Rfd1 Rfd8 18. Nc3 Ng5 19. Qe2 Nxf3+
20. Qxf3 Be5 21. Ba3 Qg5 22. Bxc5 Rac8 23. Ne2 Bb2 24. Bb6 Re8 25. Rxc8 Rxc8
26. Bd4 Ba3 27. Bc3 Qg6 28. Be5 Qc2 29. Nd4 Qg6 30. Kf1 h6 31. Qe2 {
1-0 Ornstein,A-Wedberg,T/Rilton Cup 1995/EXP 45}) 12. Bb2 Bd6 13. Ne2 Ne4 14.
Bxc6 bxc6 15. Qd4 f6 16. Qxa7 Nc5 17. Bd4 Ra8 18. Qxc5 Bxc5 19. Bxc5 Re8 20.
Nfd4 Bd7 21. a4 f5 22. Rac1 g5 23. Rc3 Qf6 24. Bb6 f4 25. a5 h5 26. h4 fxe3 27.
fxe3 Qg6 28. hxg5 Qxg5 29. Nxc6 Rac8 30. Rfc1 Bxc6 31. Rxc6 Rxc6 32. Rxc6 Rxe3
33. Rc8+ Kf7 34. Rc7+ Re7 35. Rxe7+ Qxe7 36. Nd4 Qe1+ 37. Kh2 Qh4+ 38. Kg1 Qe1+
39. Kh2 h4 40. a6 Qg3+ 41. Kh1 h3 42. gxh3 Qxh3+ 43. Kg1 Qg3+ 44. Kh1 Qh4+ {
0-1 Lein,A-De Firmian,N/New York op 1994/EXP 40}) 8. O-O Bg4 $146 (8... a6 9.
Bd3 (9. Bxc6 Bxc6 10. b3 Bd6 11. dxc5 Bxc5 12. Bb2 O-O 13. Nd4 Bd7 14. Nce2 Bd6
15. Ng3 Re8 16. Ndf5 Bxf5 17. Nxf5 Be5 18. Bxe5 Rxe5 19. Nd4 Rc8 20. Rc1 Rxc1
21. Qxc1 Re7 22. Qb2 Rc7 23. Rc1 g6 {
Vaganian,R-Wojtkiewicz,A/EU-chT Debrecen 1992/EU-chT/1/2-1/2 (46)}) 9... cxd4
10. exd4 Be7 11. h3 O-O 12. Bf4 h6 13. Qd2 Re8 14. Rfe1 Bf8 15. Rxe8 Qxe8 16.
Re1 Qc8 17. Bf1 Bf5 18. Ne5 Ne4 19. Nxe4 Bxe4 20. Rc1 Bb4 21. Qe3 Qe6 22. Nxc6
bxc6 23. f3 {Baumann,C-Stolz,C/SWZ-chIW 1992/TD 92\07/1/2-1/2 (38)}) 9. Re1 Be7
10. h3 Bxf3 11. Qxf3 O-O 12. Rd1 cxd4 13. exd4 a6 14. Ba4 Na5 $16 (14... Qd7
15. Bc2 $14) 15. Bg5 Nc4 16. b3 $14 (16. Rab1 $142 $5 $16) 16... Nb6 17. Bxf6
Bxf6 18. b4 Rc8 $14 (18... Nxa4 19. Nxa4 Qd6 20. Rac1 $11) 19. Bb3 {
The pressure on the isolated pawn grows} Qd6 20. Bxd5 $15 (20. Nxd5 $5 {
should not be overlooked} Nxd5 21. Bxd5 $14) 20... Rxc3 21. Qxc3 $2 $19 (21.
Bxf7+ $142 $5 {and White has air to breath} Rxf7 22. Qxc3 $11) 21... Nxd5 (
21... Qxd5 $6 22. Qc5 Qxc5 23. bxc5 $15 (23. dxc5 $2 Bxa1 24. Rxa1 Nd5 $19))
22. Qc5 Qd7 23. Rac1 Be7 24. Qc2 Bxb4 25. Qb3 Bd6 26. Kh1 (26. Qxd5 $4 {
too greedy} Bh2+ $3 {the crowning sacrifice} 27. Kxh2 Qxd5 $19) 26... Nf6 27.
Rc3 h6 28. Rb1 b5 29. Qd1 (29. Rd1 Ne4 30. Rc2 Re8 $19) 29... Bb8 30. Rb2 Qd6 {
Threatening mate... how?} 31. g3 g6 (31... Qd5+ 32. Kh2 $19) 32. Rbc2 (32. Rd3
Ba7 $19) 32... Qe6 (32... Ne4 33. Rd3 $19) 33. Kh2 Qd7 34. Qc1 Kg7 35. Rc8 $2 (
35. Rd3 $142 $19) 35... Rxc8 {Black threatens strongly Qf5} 36. Rxc8 Bd6 (36...
Ba7 $142 $5 {keeps an even firmer grip} 37. Rc2 $19) 37. Qc6 Qe6 (37... Qf5
$142 $5 38. Kg2 Ne4 39. f4 $19) 38. Rd8 $4 {
terrible, but the game is lost in any case} (38. Kg2 $142 $19) 38... Bxg3+ $1 {
better than holding on to the material} (38... Bxg3+ 39. Kxg3 Qxc6 40. d5 Qc7+
41. Kf3 Qxd8 42. Ke2 Qe7+ 43. Kd1 Qe4 44. Kd2 Qf3 45. Kc1 Ne4 46. a4 Qc3+ 47.
Kb1 Nd2+ 48. Ka2 Qb3+ 49. Ka1 Qb1#) 0-1

[Event "City of Adelaide"]
[Site "Adelaide"]
[Date "1999.08.31"]
[Round "7.6"]
[White "Rigo, Bernard"]
[Black "Kramer, Warren"]
[Result "1-0"]
[WhiteElo "1694"]
[BlackElo "1349"]
[Annotator "Fritz 5.00"]
[PlyCount "77"]
[EventDate "1999.07.20"]
[EventType "swiss"]
[EventRounds "9"]
[EventCountry "AUS"]

1. c4 Nf6 2. Nc3 e6 3. e4 d5 4. e5 {English Opening (Nimzo-English Variation)}
Ne4 (4... d4 5. exf6 dxc3 6. bxc3 Qxf6 7. d4 (7. Nf3 Nc6 8. d4 e5 9. Bg5 Qg6
10. d5 Nb8 11. Bd3 Bf5 12. Qa4+ Nd7 13. O-O Bd6 14. Bxf5 Qxf5 15. c5 Bxc5 16.
Nxe5 f6 17. g4 Qxe5 18. Rae1 O-O-O 19. Rxe5 Nxe5 20. Be3 Bxe3 21. fxe3 Kb8 22.
Qd4 h6 23. c4 Rhe8 24. c5 c6 25. d6 Re6 26. Qe4 Ree8 27. Rb1 Ka8 28. Qh7 Rd7
29. Rb4 Rb8 30. Kg2 b5 31. Re4 a5 32. Qf5 Rbb7 33. Rxe5 fxe5 34. Qe4 Rd8 35.
Qxc6 Kb8 36. Qa6 {1-0 Kortschnoj,V-Ashley,M/New York CITS 1996/TUR 96}) 7... e5
8. Nf3 (8. Qe2 Be7 9. dxe5 Qg6 10. Nh3 Bxh3 11. gxh3 Nc6 12. Bf4 Rd8 13. Qe3
Nb4 14. cxb4 Bxb4+ 15. Ke2 Bd2 16. Qg3 Qe4+ 17. Be3 Qxc4+ 18. Kf3 Qc6+ 19. Ke2
Bxe3 20. fxe3 Qxh1 21. Qxg7 Rf8 22. Rc1 Rd7 {
0-1 Nikolic,P-Jussupow,A/Hastings A2 1989/TD 89\14}) 8... exd4 9. Bg5 Qe6+ 10.
Be2 f6 11. Nxd4 Qf7 12. Bf4 Bc5 13. Nb3 Na6 14. Nxc5 Nxc5 15. Be3 Ne4 16. Bd3
f5 17. f3 Nf6 18. O-O O-O 19. Re1 Be6 20. Bd4 Rad8 21. c5 b6 22. Qe2 Rfe8 23.
Bb5 Nd7 24. cxb6 axb6 25. a4 Bd5 26. Qb2 c6 27. Bf1 c5 28. Bf2 Bc4 29. Rxe8+
Rxe8 30. a5 bxa5 31. Rxa5 Bxf1 32. Kxf1 Qc4+ 33. Kg1 Rb8 34. Qa1 Qd3 35. Ra8
Rxa8 36. Qxa8+ Kf7 37. h3 Qxc3 38. Qd5+ Ke7 39. Qxf5 Qa1+ 40. Kh2 Qe5+ 41.
Qxe5+ Nxe5 42. Bxc5+ Kf7 43. Bd4 Nc6 44. Bc3 h5 45. g4 hxg4 46. fxg4 Nd8 47.
Kg3 Ne6 48. h4 g6 {1/2-1/2 Salov,V-Jussupow,A/Madrid 1995/TUR 95}) 5. Nxe4 dxe4
6. Qg4 e3 $146 (6... f5 7. exf6 Qxf6 8. Qxe4 Nc6 9. Nf3 Bc5 10. Be2 (10. Bd3
Bd7 11. Qe2 O-O-O 12. Be4 g5 13. O-O g4 14. Bxc6 Bxc6 15. Ne5 Be8 16. Nxg4 Bh5
17. Qe4 Bxg4 18. Qxg4 Rhg8 19. Qe2 Rxg2+ 20. Kxg2 Qg6+ 21. Kh1 Rg8 22. Qf3 Rf8
23. Qg2 Qd3 24. b3 Bd4 25. Ba3 c5 26. Rae1 Rf6 27. Qg8+ Kc7 28. Qg3+ {
1-0 Kamp,C-Behle,K/BL2-W 8889 1989/BL2}) 10... O-O 11. O-O Bd7 12. d3 Nd4 13.
Ne5 Be8 14. Bd2 Bd6 15. f4 Bc5 16. Kh1 Nf5 17. Bg4 Rd8 18. Rae1 c6 19. Bc3 Qh6
20. Bh3 Bh5 21. Nf3 Bxf3 22. Rxf3 Bd4 23. g4 Bxc3 24. bxc3 Nh4 25. g5 Qh5 26.
Bxe6+ Kh8 27. Rh3 {1-0 Raupp,T-Behle,K/BL 8586 1986/BL 80}) (6... Nc6 7. Qxe4
Qd4 8. Qxd4 Nxd4 9. Kd1 (9. Bd3 Bd7 10. Be4 O-O-O 11. b3 Nc6 12. Bb2 Nb4 13.
Ke2 Nd3 14. Bc3 Bc5 15. Nh3 h6 16. f4 g5 17. fxg5 hxg5 18. Raf1 Rh4 19. Nxg5
Nf4+ 20. Kd1 Nxg2 21. Rxf7 Ne3+ 22. Ke2 Nf5 23. Nxe6 Ng3+ 24. hxg3 {
1-0 Kratochwil,C-Alterman,V/Baden Baden op 1987/TD 87\04}) 9... Bd7 10. d3 Bc6
11. Ne2 Bc5 12. Be3 O-O-O 13. Nxd4 Bxd4 14. Bxd4 Rxd4 15. Kc2 Rhd8 16. Re1 b5
17. cxb5 Bxb5 18. Re3 Rf4 19. f3 Rd5 20. Re4 Rxe4 21. fxe4 {
Cifuentes Parada,R-Inkiov,V/Novi Sad olm 1990/TD 90\06/1-0 (33)}) (6... Qd4 7.
Nf3 Qb6 8. Qxe4 Nc6 9. Be2 Bc5 10. O-O Bd7 11. a3 a5 12. d3 Nd4 13. Nxd4 Bxd4
14. Rb1 a4 15. Be3 c5 16. Bxd4 cxd4 17. Qg4 O-O 18. f4 f5 19. Qh4 Rf7 20. Bh5
g6 21. Bf3 {Blum,G-Schmidt,G/BL2-O 1996/BL2/1-0 (39)}) (6... Bd7 7. Qxe4 Bc6 8.
Qe2 Bc5 9. d3 Na6 10. Be3 Bb4+ 11. Bd2 Qd4 12. Bxb4 Nxb4 13. h4 O-O-O 14. Rh3
Ba4 15. Rc1 Nxa2 16. Ra1 Bb3 17. Nf3 Qb6 18. Nd2 Rd4 19. Re3 Rhd8 20. c5 Qb4
21. Re4 Bd5 22. Rxd4 Qxd4 23. Nf3 Qxc5 24. d4 Qb6 25. Qb5 Qxb5 26. Bxb5 a6 27.
Be2 Nb4 28. Kd2 Nc6 $138 {
0-1 Garcia Gonzales,G-Shamkovich,L/Rio de Janeiro izt 1979/IZT}) 7. fxe3 c5 8.
Nf3 Nc6 9. a3 Qc7 (9... h5 10. Qe4 $16) 10. d4 Bd7 11. Qf4 h6 (11... f6 12. Bd3
$16) 12. Bd3 Be7 $18 (12... g5 13. Qg4 $16) 13. Bd2 {
White fights for the Initiative} g5 14. Qe4 {White intends d5} O-O-O 15. d5 $11
(15. Bc3 $142 $5 $16) 15... exd5 $2 $18 (15... g4 $142 {
is the best option Black has} 16. Qxg4 exd5 $14) 16. cxd5 f5 (16... g4 $142 17.
dxc6 gxf3 18. cxd7+ Qxd7 $18) 17. exf6 $1 {
the best thing is for White to hand back some material} Bxf6 18. dxc6 Bxc6 (
18... Qxc6 19. Qxc6+ Bxc6 20. Bf5+ Kc7 21. O-O-O $18) 19. Qf5+ Kb8 (19... Qd7 {
a fruitless try to alter the course of the game} 20. Ba5 (20. Qxf6 $6 Qxd3 21.
Qc3 Rhe8 $18) 20... Rde8 21. O-O-O (21. Qxf6 Qxd3 22. Bd2 Rxe3+ 23. Kf2 Re2+
24. Kg3 Rg8 $19) 21... Qxf5 22. Bxf5+ Kb8 23. Rhe1 $18) 20. Qxf6 Rhf8 (20...
Bxf3 {does not win a prize} 21. gxf3 (21. Qxf3 $6 Rxd3 22. O-O-O Re8 $18) 21...
Rhf8 22. Qc3 Rxf3 23. Bf1 $18) 21. Qc3 g4 22. Be2 (22. Nh4 $142 {
ends the debate} g3 23. O-O-O gxh2 24. e4 $18) 22... gxf3 23. Bxf3 Bxf3 24.
gxf3 Rxf3 25. O-O-O Rdf8 (25... b6 {is no salvation} 26. Be1 Rxd1+ 27. Kxd1 $18
) 26. h4 (26. Be1 {makes it even easier for White} Ka8 27. Bg3 Qc6 $18) 26...
Qe7 27. h5 (27. Rhg1 {might be the shorter path} Qe6 $18) 27... Qe6 (27... Re8
{is not the saving move} 28. Qc4 $18) 28. Kb1 (28. Rhg1 {seems even better} Qf5
$18) 28... c4 (28... R3f5 29. Ka1 $18) 29. Qd4 Ka8 30. Bb4 {
White terminates the opponent with strong threats} Rc8 31. Qd7 Qe4+ (31... Rxe3
{does not solve anything} 32. Rhf1 $18) 32. Ka1 {Threatening mate: Qxc8} Qe8
33. Qxe8 {The mate threat is Qxc8} Rxe8 34. Rd6 Rfxe3 (34... b6 35. Rxh6 Kb7
36. Rh7+ Kc6 37. Rxa7 Rfxe3 38. h6 $18) 35. Rxh6 b5 (35... Rf3 {
doesn't improve anything} 36. Rh7 b6 37. h6 $18) 36. Rh7 (36. Rg6 $5 {
and White can already relax} a5 37. Bxa5 R3e7 $18) 36... Rb3 (36... a5 {
otherwise it's curtains at once} 37. Bxa5 R3e7 38. Rxe7 Rxe7 $18) 37. h6 Re2 (
37... Rd3 {no good, but what else?} 38. Rf7 Red8 $18) 38. Bc3 {
With the idea Rf7} a5 {Plans Re8} 39. Rd7 {Do you see the mate threat?} (39.
Rd7 Rxc3 40. h7 Rc1+ 41. Rxc1 Re8 42. Rg1 Kb8 43. Rg8 Kc8 44. Rdg7 Rd8 45.
Rxd8+ Kxd8 46. h8=Q#) 1-0